| 000 | 00000nas 2200000za 4500 |
| 001 | 9.805961 |
| 003 | CaOODSP |
| 005 | 20221107135759 |
| 007 | cr ||||||||||| |
| 008 | 151113d19511965oncmr p o f000#a0eng|d |
| 022 | |y0837-8509 |
| 040 | |aCaOODSP|beng |
| 043 | |an-cn--- |
| 086 | 1 |aCS72-002E-PDF |
| 245 | 00|aEmployment and payrolls with average weekly earnings |h[electronic resource] / |cprepared in the Employment Section of the Labour and Prices Division, Dominion Bureau of Statistics. |
| 246 | 14|aEmployment and payrolls |fJan. 1951-Dec. 1965 |
| 260 | |a[Ottawa] : |bDominion Bureau of Statistics, |c[1951]-1966. |
| 310 | |aMonthly |
| 362 | 0 |aVol. 29, no. 1 (Jan. 1951)-v. 43, no. 12 (Dec. 1965). |
| 500 | |aDigitized edition from print [produced by Statistics Canada]. |
| 692 | 07|2gccst|aLabour force |
| 710 | 1 |aCanada. |bDominion Bureau of Statistics. |bEmployment Section. |
| 780 | 00|tEmployment situation |w(CaOODSP)9.805957 |
| 785 | 00|tEmployment and average weekly wages and salaries |w(CaOODSP)9.805972 |